The community development process ; the rediscovery of local initiative /

Bibliographic Details
Main Author: Biddle, William Wishart, 1900-
Format: Book
Language:English
Published: New York : Holt, Rinehart and Winston, [1965]
Subjects:

MARC

Tag First Indicator Second Indicator Subfields
LEADER 00000cam a22000001 4500
001 in00000063161
005 20151008051718.0
008 711124s1965 nyu b 00010 eng
010 |a  65014886  
035 |a (OCoLC)00711454 
035 |9 AAG9559AM 
040 |a DLC  |c DLC  |d TXA  |d UtOrBLW 
043 |a n-us--- 
049 |a TXAM  |c [455006] 
050 0 0 |a HN65  |b .B5 
082 0 |a 309.201 
092 |a 309.2  |b B584c 
100 1 |a Biddle, William Wishart,  |d 1900- 
245 1 4 |a The community development process ;  |b the rediscovery of local initiative /  |c [by] William W. Biddle. With the collaboration of Loureide J. Biddle. 
264 1 |a New York :  |b Holt, Rinehart and Winston,  |c [1965] 
300 |a xiv, 334 pages ;  |c 22 cm. 
336 |a text  |b txt  |2 rdacontent 
337 |a unmediated  |b n  |2 rdamedia 
338 |a volume  |b nc  |2 rdacarrier 
504 |a Bibliography: pages 297-324. 
650 0 |a Community development. 
650 0 |a Economic assistance, Domestic  |z United States. 
999 |a MARS 
999 f f |s b9e2df19-1825-389e-99ce-d6c6b75af571  |i c78b2532-ab80-3a8b-b8e3-22667ace4c62  |t 0 
952 f f |p ric  |a Texas A&M University  |b Rellis Campus  |c Joint Library Facility  |d Remote Storage  |t 0  |e HN65 .B5  |h Library of Congress classification  |i unmediated -- volume  |m A14800651395 
998 f f |a HN65 .B5  |t 0  |l Remote Storage